200 Most Popular Baby Girl Names in Nebraska (2020) - Statistics

General Stats
  • This quiz has been taken 414 times
  • The average score is 65 of 215
Answer Stats
Hint Rank Name % Correct
O 1 Olivia
91%
E 4 Emma
82%
A 83 Anna
78%
E 72 Eliza
77%
H 52 Hannah
77%
E 18 Elizabeth
74%
E 37 Emily
74%
C 3 Charlotte
71%
E 15 Ella
67%
A 7 Ava
66%
I 12 Isabella
64%
A 2 Amelia
63%
K 135 Katherine
62%
L 48 Lily
60%
V 81 Victoria
60%
C 41 Chloe
59%
S 28 Sofia
59%
S 10 Sophia
59%
E 88 Eva
58%
A 43 Abigail
57%
E 5 Evelyn
57%
Z 105 Zoe
56%
Z 27 Zoey
56%
E 19 Ellie
55%
N 9 Nora
55%
N 113 Norah
55%
J 179 Julia
54%
R 212 Rachel
54%
R 162 Rose
54%
G 33 Grace
53%
A 70 Alice
52%
H 6 Harper
52%
M 208 Maria
52%
M 13 Mia
52%
L 16 Lucy
51%
M 39 Madison
51%
S 141 Sophie
51%
A 146 Allison
49%
L 112 Leah
49%
P 40 Penelope
49%
A 71 Aria
48%
L 136 Lauren
48%
Q 56 Quinn
48%
S 185 Samantha
48%
B 119 Bella
47%
W 29 Willow
47%
A 30 Addison
46%
A 147 Ashley
45%
E 8 Eleanor
45%
N 49 Natalie
44%
A 14 Avery
43%
C 197 Caroline
43%
I 42 Isla
43%
V 26 Violet
43%
C 63 Claire
42%
H 154 Hailey
42%
I 178 Isabelle
42%
L 38 Luna
42%
M 158 Madeline
42%
M 159 Madelyn
42%
L 24 Lillian
41%
I 61 Ivy
40%
R 74 Riley
40%
R 93 Rylee
40%
I 166 Iris
39%
R 20 Ruby
39%
A 108 Audrey
37%
B 121 Brianna
37%
C 51 Clara
37%
E 60 Elena
36%
M 80 Molly
36%
J 90 Jade
35%
L 35 Layla
35%
L 206 Lola
35%
O 161 Olive
35%
A 117 Ariana
34%
G 45 Gianna
34%
V 190 Vivienne
34%
A 131 Adalyn
33%
A 82 Adalynn
33%
A 144 Adeline
33%
A 191 Adelyn
33%
A 194 Angela
33%
G 152 Gabriella
33%
H 203 Hope
33%
N 78 Naomi
33%
S 22 Scarlett
33%
E 176 Evie
32%
S 140 Savannah
32%
S 36 Stella
32%
V 215 Vanessa
32%
B 195 Brooke
31%
B 62 Brooklyn
31%
F 177 Faith
31%
G 126 Georgia
31%
J 32 Josephine
31%
K 205 Kylie
31%
M 77 Margaret
31%
M 169 Myla
31%
A 118 Aubrey
30%
M 25 Mila
30%
S 186 Siena
30%
A 116 Ada
29%
A 174 Andrea
29%
C 23 Cora
29%
H 11 Hazel
29%
J 85 Josie
29%
K 204 Kora
29%
N 183 Natalia
29%
R 170 Ruth
29%
S 114 Sadie
28%
V 189 Valerie
28%
A 17 Aurora
27%
C 123 Charlie
27%
E 84 Elsie
27%
M 91 Millie
27%
P 47 Paisley
27%
C 198 Charlee
26%
H 110 Hallie
26%
A 106 Aaliyah
25%
C 21 Camila
25%
E 125 Emilia
25%
E 31 Everly
25%
J 180 June
25%
L 55 Lydia
25%
N 69 Nova
25%
P 129 Payton
24%
P 73 Peyton
24%
P 57 Piper
24%
E 67 | 175 Eliana
23%
V 50 Vivian
23%
R 213 Rosalie
22%
W 66 Willa
22%
E 133 Eden
21%
L 207 Lucia
21%
M 209 Melanie
21%
D 109 Delilah
20%
E 124 Emerson
20%
K 156 Kaylee
20%
K 46 Kennedy
20%
L 137 Liliana
20%
L 138 Lucille
20%
R 100 Reagan
20%
E 68 Eloise
19%
H 155 Harley
19%
S 58 Skylar
19%
F 151 Freya
18%
P 92 Parker
18%
B 132 Blake
17%
C 75 Cecilia
17%
G 96 Genesis
17%
V 143 Valeria
17%
E 199 Evangeline
16%
A 165 Athena
15%
C 148 Callie
15%
E 44 Emery
15%
H 34 Hadley
15%
J 111 Juniper
15%
S 115 Serenity
15%
G 97 Genevieve
14%
X 130 Ximena
14%
B 196 Brynn
13%
G 153 Gemma
13%
H 202 Hayden
13%
K 53 Kinsley
13%
M 168 Marley
13%
S 103 Sloane
13%
T 214 Tessa
13%
T 104 Thea
13%
A 173 Anastasia
12%
L 76 Lyla
12%
M 98 Maeve
12%
P 99 Presley
12%
R 54 Reese
12%
R 101 Remi
12%
W 163 Wren
12%
H 127 Harlow
11%
A 79 Amara
10%
E 95 Emersyn
10%
L 157 Leilani
10%
M 139 Maren
10%
B 86 Blakely
9%
E 149 Ember
9%
B 122 Brinley
8%
F 150 Finley
8%
H 134 Haven
8%
O 211 Oakley
8%
R 102 Rowan
8%
A 172 Alayna
7%
G 200 Gwendolyn
7%
R 65 Raelynn
7%
S 94 Sawyer
7%
T 188 Teagan
7%
A 107 Aspen
6%
M 210 Mya
6%
N 160 Neveah
6%
A 145 Alaina
5%
A 164 Arya
5%
B 59 Brynlee
5%
E 89 Everleigh
5%
L 167 Lainey
5%
L 181 Leighton
5%
A 171 Alaia
3%
C 87 Collins
3%
H 201 Haisley
3%
O 184 Oaklynn
3%
S 142 Sutton
3%
A 193 Andi
2%
L 64 Lennon
2%
P 128 Palmer
2%
S 187 Stevie
2%
M 182 Monroe
1%
A 192 Adley
0%
B 120 Berkley
0%
No matching quizzes found
Score Distribution
Percent of People with Each Score
Percentile by Number Answered
Your Score History
You have not taken this quiz